<?xml version="1.0" encoding="UTF-8"?>
<record
    xmlns:xsi="http://www.w3.org/2001/XMLSchema-instance"
    xsi:schemaLocation="http://www.loc.gov/MARC21/slim http://www.loc.gov/standards/marcxml/schema/MARC21slim.xsd"
    xmlns="http://www.loc.gov/MARC21/slim">

  <leader>00524nam a22001937a 4500</leader>
  <controlfield tag="005">20251112102944.0</controlfield>
  <controlfield tag="008">251112b        |||||||| |||| 00| 0 eng d</controlfield>
  <datafield tag="020" ind1=" " ind2=" ">
    <subfield code="a">979-8-88715-016-1</subfield>
  </datafield>
  <datafield tag="050" ind1=" " ind2=" ">
    <subfield code="a">SF 488.K86 2023 </subfield>
    <subfield code="b">C.1</subfield>
  </datafield>
  <datafield tag="100" ind1=" " ind2=" ">
    <subfield code="a">KUMAR Ashwani</subfield>
  </datafield>
  <datafield tag="245" ind1=" " ind2=" ">
    <subfield code="a">Handbook Of Poultry Production</subfield>
  </datafield>
  <datafield tag="250" ind1=" " ind2=" ">
    <subfield code="a">First Edition</subfield>
  </datafield>
  <datafield tag="260" ind1=" " ind2=" ">
    <subfield code="a">USA</subfield>
    <subfield code="b">Oryson Press</subfield>
    <subfield code="c">2023</subfield>
  </datafield>
  <datafield tag="300" ind1=" " ind2=" ">
    <subfield code="a">VIII-296P.</subfield>
  </datafield>
  <datafield tag="500" ind1=" " ind2=" ">
    <subfield code="a">It has  bibliographic Information</subfield>
  </datafield>
  <datafield tag="650" ind1=" " ind2=" ">
    <subfield code="a">Poultry Production</subfield>
  </datafield>
  <datafield tag="700" ind1=" " ind2=" ">
    <subfield code="a">Kumar Ashwani</subfield>
  </datafield>
  <datafield tag="942" ind1=" " ind2=" ">
    <subfield code="2">lcc</subfield>
    <subfield code="c">BK</subfield>
  </datafield>
  <datafield tag="999" ind1=" " ind2=" ">
    <subfield code="c">216168</subfield>
    <subfield code="d">216168</subfield>
  </datafield>
  <datafield tag="952" ind1=" " ind2=" ">
    <subfield code="0">0</subfield>
    <subfield code="1">0</subfield>
    <subfield code="2">lcc</subfield>
    <subfield code="4">0</subfield>
    <subfield code="6">SF0488 K86  02023</subfield>
    <subfield code="7">0</subfield>
    <subfield code="8">SCT</subfield>
    <subfield code="9">373249</subfield>
    <subfield code="a">KSUL</subfield>
    <subfield code="b">KSUL</subfield>
    <subfield code="c">DISPLAY</subfield>
    <subfield code="d">2025-11-12</subfield>
    <subfield code="i">109697</subfield>
    <subfield code="l">0</subfield>
    <subfield code="o">SF 488.K86 2023</subfield>
    <subfield code="p">000000024812</subfield>
    <subfield code="r">2025-11-12 10:34:15</subfield>
    <subfield code="t">C.1</subfield>
    <subfield code="w">2025-11-12</subfield>
    <subfield code="y">BK</subfield>
  </datafield>
  <datafield tag="952" ind1=" " ind2=" ">
    <subfield code="0">0</subfield>
    <subfield code="1">0</subfield>
    <subfield code="2">lcc</subfield>
    <subfield code="4">0</subfield>
    <subfield code="6">SF0488 K86  02023</subfield>
    <subfield code="7">0</subfield>
    <subfield code="8">SCT</subfield>
    <subfield code="9">373253</subfield>
    <subfield code="a">KSUL</subfield>
    <subfield code="b">KSUL</subfield>
    <subfield code="c">DISPLAY</subfield>
    <subfield code="d">2025-11-12</subfield>
    <subfield code="i">109698</subfield>
    <subfield code="l">0</subfield>
    <subfield code="o">SF 488.K86 2023</subfield>
    <subfield code="p">000000024809</subfield>
    <subfield code="r">2025-11-12 10:34:00</subfield>
    <subfield code="t">C.2</subfield>
    <subfield code="w">2025-11-12</subfield>
    <subfield code="y">BK</subfield>
  </datafield>
  <datafield tag="952" ind1=" " ind2=" ">
    <subfield code="0">0</subfield>
    <subfield code="1">0</subfield>
    <subfield code="2">lcc</subfield>
    <subfield code="4">0</subfield>
    <subfield code="6">SF0488 K86  02023</subfield>
    <subfield code="7">0</subfield>
    <subfield code="8">SCT</subfield>
    <subfield code="9">373255</subfield>
    <subfield code="a">KSUL</subfield>
    <subfield code="b">KSUL</subfield>
    <subfield code="c">DISPLAY</subfield>
    <subfield code="d">2025-11-12</subfield>
    <subfield code="i">109699</subfield>
    <subfield code="l">0</subfield>
    <subfield code="o">SF 488.K86 2023</subfield>
    <subfield code="p">000000024808</subfield>
    <subfield code="r">2025-11-12 10:34:00</subfield>
    <subfield code="t">C.3</subfield>
    <subfield code="w">2025-11-12</subfield>
    <subfield code="y">BK</subfield>
  </datafield>
  <datafield tag="952" ind1=" " ind2=" ">
    <subfield code="0">0</subfield>
    <subfield code="1">0</subfield>
    <subfield code="2">lcc</subfield>
    <subfield code="4">0</subfield>
    <subfield code="6">SF0488 K86  02023</subfield>
    <subfield code="7">0</subfield>
    <subfield code="8">SCT</subfield>
    <subfield code="9">373259</subfield>
    <subfield code="a">KSUL</subfield>
    <subfield code="b">KSUL</subfield>
    <subfield code="c">DISPLAY</subfield>
    <subfield code="d">2025-11-12</subfield>
    <subfield code="i">109700</subfield>
    <subfield code="l">1</subfield>
    <subfield code="o">SF 488 .K86 2023</subfield>
    <subfield code="p">000000024807</subfield>
    <subfield code="r">2026-01-29 17:09:18</subfield>
    <subfield code="s">2026-01-27</subfield>
    <subfield code="t">C.4</subfield>
    <subfield code="w">2025-11-12</subfield>
    <subfield code="y">BK</subfield>
  </datafield>
</record>
